000 00950nam a22003017a 4500
003 CHAP
005 20220329133809.0
008 971013s1970 mx r 00010 spa d
010 _a11041
011 _a12013
035 _a13707
040 _cCHAP
082 0 4 _a331.11
_bC6Y
100 0 0 _aCorrea, Héctor.
_928236
245 1 0 _aEconomía de los recursos humanos
260 _aMéxico, D. F. :
_bFondo de Cultura Económica,
_c1970
300 _a278 p.
590 _aBATCH-UPD
_b10
_c20130110
_lUCH01
_h1705
590 _aBATCH-UPD
_b10
_c20130410
_lUCH01
_h1052
590 _aBATCH-UPD
_b10
_c20130914
_lUCH01
_h1955
590 _aCONVERSION
_b10
_c20130109
_lUCH01
_h1307
650 0 4 _aRecursos humanos.
_995137
650 0 4 _aTrabajo
_xOfertas de.
_9114483
901 _aBK
942 _cLIBRO
949 _a331.11 C6Y
_bBC
_cLIBRO
_d33724000326054
_eLIBRO
_h1122
_i13707
_si
949 _a331.11 C6Y
_bBC
_cLIBRO
_d33724000326161
_eLIBRO
_fc.2
_h1123
_i13707
_si
999 _c11041
_d11041